[Event "Suwalki_2017"]
[Site "?"]
[Date "2017.08.05"]
[Round "1.1"]
[White "Herman, Monika"]
[Black "Karwowski, Kacper"]
[Result "0-1"]
[BlackElo "2221"]
[WhiteElo "1814"]
[LiveChessVersion "1.4.8"]

1. d4 {[%clk 1:30:37]} Nf6 {[%clk 1:30:52]} 2. Nf3 {[%clk 1:30:49]} c5
{[%clk 1:30:57]} 3. d5 {[%clk 1:26:04]} b5 {[%clk 1:29:27]} 4. c4
{[%clk 1:24:46]} bxc4 {[%clk 1:27:52]} 5. Nc3 {[%clk 1:25:07]} d6
{[%clk 1:27:03]} 6. Qa4+ {[%clk 1:23:42]} Qd7 {[%clk 1:23:25]} 7. Nb5
{[%clk 1:19:47]} Nxd5 {[%clk 1:21:12]} 8. e4 {[%clk 1:17:15]} Ba6
{[%clk 1:20:42]} 9. Bxc4 {[%clk 1:16:19]} Nb6 {[%clk 1:20:58]} 10. Nc7+
{[%clk 1:12:18]} Kd8 {[%clk 1:21:24]} 11. Qxd7+ {[%clk 1:12:01]} Kxd7
{[%clk 1:21:43]} 12. Bxa6 {[%clk 1:09:02]} Kxc7 {[%clk 1:22:01]} 13. Bd3
{[%clk 1:08:56]} Nc6 {[%clk 1:22:23]} 14. a3 {[%clk 1:08:55]} g6 {[%clk 1:22:26]}
15. h4 {[%clk 1:01:18]} Bg7 {[%clk 1:19:47]} 16. h5 {[%clk 1:01:39]} Rab8
{[%clk 1:16:46]} 17. Rb1 {[%clk 0:59:56]} Na4 {[%clk 1:16:11]} 18. b3
{[%clk 0:58:16]} Nc3 {[%clk 1:15:51]} 19. Rb2 {[%clk 0:58:37]} Nb5
{[%clk 1:14:40]} 20. Rb1 {[%clk 0:57:59]} Bc3+ {[%clk 1:14:12]} 21. Kf1
{[%clk 0:53:53]} e6 {[%clk 1:13:32]} 22. hxg6 {[%clk 0:47:07]} hxg6
{[%clk 1:13:24]} 23. Rxh8 {[%clk 0:47:23]} Bxh8 {[%clk 1:13:40]} 24. Ng5
{[%clk 0:47:40]} Nc3 {[%clk 1:07:34]} 25. Rb2 {[%clk 0:47:53]} Ne5
{[%clk 1:07:44]} 26. Bc2 {[%clk 0:46:29]} Bf6 {[%clk 1:05:44]} 27. f4
{[%clk 0:45:36]} Ng4 {[%clk 1:03:17]} 28. Nxf7 {[%clk 0:41:49]} Rf8
{[%clk 1:03:29]} 29. Ng5 {[%clk 0:42:12]} Bxg5 {[%clk 1:03:48]} 0-1

[Event "Suwalki_2017"]
[Site "?"]
[Date "2017.08.05"]
[Round "1.2"]
[White "Jaroch, Karol"]
[Black "Jedynak, January"]
[Result "1/2-1/2"]
[BlackElo "1791"]
[WhiteElo "2207"]
[LiveChessVersion "1.4.8"]

1. e4 {[%clk 1:30:58]} e6 {[%clk 1:30:38]} 2. d4 {[%clk 1:31:22]} d5
{[%clk 1:30:55]} 3. e5 {[%clk 1:31:47]} c5 {[%clk 1:31:12]} 4. c3
{[%clk 1:32:11]} Nc6 {[%clk 1:31:08]} 5. Nf3 {[%clk 1:32:32]} Qb6
{[%clk 1:31:16]} 6. Be2 {[%clk 1:32:39]} Bd7 {[%clk 1:29:58]} 7. O-O
{[%clk 1:32:35]} Nge7 {[%clk 1:28:23]} 8. dxc5 {[%clk 1:25:02]} Qc7
{[%clk 1:21:15]} 9. Nd4 {[%clk 1:24:38]} Nxe5 {[%clk 1:17:15]} 10. f4
{[%clk 1:21:51]} N5g6 {[%clk 1:15:31]} 11. b4 {[%clk 1:22:11]} Nc6
{[%clk 0:58:13]} 12. f5 {[%clk 1:05:34]} Nxd4 {[%clk 0:39:00]} 13. cxd4
{[%clk 1:05:59]} exf5 {[%clk 0:39:24]} 14. Nc3 {[%clk 1:06:26]} Bd6
{[%clk 0:32:10]} 15. h3 {[%clk 1:03:25]} Bg3 {[%clk 0:21:11]} 16. Nxd5
{[%clk 0:56:36]} Qd8 {[%clk 0:16:43]} 17. Qb3 {[%clk 0:54:57]} Qh4
{[%clk 0:15:44]} 18. Qe3+ {[%clk 0:52:41]} Kf8 {[%clk 0:12:47]} 19. Bf3
{[%clk 0:31:31]} f4 {[%clk 0:08:48]} 20. Qd2 {[%clk 0:30:18]} Qg5
{[%clk 0:04:31]} 21. Nc3 {[%clk 0:29:57]} Re8 {[%clk 0:00:55]} 22. Ne2
{[%clk 0:28:17]} Bxh3 {[%clk 0:00:44]} 23. gxh3 {[%clk 0:27:30]} Be1+
{[%clk 0:01:02]} 24. Kh1 {[%clk 0:27:02]} Bxd2 {[%clk 0:01:27]} 25. Bxd2
{[%clk 0:27:27]} Qh4 {[%clk 0:00:54]} 26. Ng1 {[%clk 0:27:43]} Qg3
{[%clk 0:00:38]} 27. Be1 {[%clk 0:27:56]} Rxe1 {[%clk 0:00:59]} 28. Raxe1
{[%clk 0:28:18]} Nh4 {[%clk 0:00:40]} 29. Re2 {[%clk 0:27:13]} f6
{[%clk 0:00:33]} 30. d5 {[%clk 0:27:22]} Kf7 {[%clk 0:00:46]} 31. d6
{[%clk 0:27:25]} Re8 {[%clk 0:00:54]} 32. Bd5+ {[%clk 0:27:41]} Kf8
{[%clk 0:01:09]} 33. d7 {[%clk 0:28:02]} Rd8 {[%clk 0:00:32]} 34. Rfe1
{[%clk 0:28:20]} g5 {[%clk 0:00:38]} 35. Re8+ {[%clk 0:28:26]} Kg7
{[%clk 0:01:01]} 36. Rxd8 {[%clk 0:21:44]} f3 {[%clk 0:01:11]} 37. Re7+
{[%clk 0:14:38]} Kh6 {[%clk 0:01:12]} 38. Bxf3 {[%clk 0:14:40]} Nxf3
{[%clk 0:01:32]} 39. Nxf3 {[%clk 0:15:06]} Qxf3+ {[%clk 0:01:56]} 40. Kg1
{[%clk 0:15:06]} Qg3+ {[%clk 0:01:48]} 41. Kf1 {[%clk 0:15:31]} Qf3+
{[%clk 0:01:52]} 42. Ke1 {[%clk 0:15:53]} Qc3+ {[%clk 0:01:58]} 43. Kf2
{[%clk 0:16:10]} Qd2+ {[%clk 0:02:00]} 44. Kf3 {[%clk 0:16:11]} Qd3+
{[%clk 0:01:54]} 45. Re3 {[%clk 0:15:35]} Qf1+ {[%clk 0:02:06]} 46. Ke4
{[%clk 0:15:41]} Qc4+ {[%clk 0:01:44]} 47. Kf3 {[%clk 0:15:58]} 1/2-1/2

[Event "Suwalki_2017"]
[Site "?"]
[Date "2017.08.05"]
[Round "1.3"]
[White "Hryszkiewicz, Marcin"]
[Black "Sowul, Bartosz"]
[Result "0-1"]
[BlackElo "2183"]
[WhiteElo "1758"]
[LiveChessVersion "1.4.8"]

1. e4 {[%clk 1:30:55]} c5 {[%clk 1:30:54]} 2. Nf3 {[%clk 1:31:16]} d6
{[%clk 1:31:17]} 3. d4 {[%clk 1:31:36]} cxd4 {[%clk 1:31:41]} 4. Nxd4
{[%clk 1:32:01]} Nf6 {[%clk 1:32:05]} 5. Nc3 {[%clk 1:32:23]} g6 {[%clk 1:32:29]}
6. Be2 {[%clk 1:31:34]} Bg7 {[%clk 1:32:52]} 7. Be3 {[%clk 1:31:43]} O-O
{[%clk 1:33:08]} 8. O-O {[%clk 1:30:08]} Nc6 {[%clk 1:33:20]} 9. Kh1
{[%clk 1:29:49]} d5 {[%clk 1:31:59]} 10. exd5 {[%clk 1:28:01]} Nxd5
{[%clk 1:32:06]} 11. Nxd5 {[%clk 1:27:51]} Nxd4 {[%clk 1:27:54]} 12. Bxd4
{[%clk 1:22:39]} Qxd5 {[%clk 1:27:30]} 13. Bxg7 {[%clk 1:22:28]} Qxd1
{[%clk 1:27:53]} 14. Raxd1 {[%clk 1:22:33]} Kxg7 {[%clk 1:28:16]} 15. f4
{[%clk 1:18:05]} Be6 {[%clk 1:25:27]} 16. b3 {[%clk 1:16:53]} Rfc8
{[%clk 1:20:24]} 17. c4 {[%clk 1:07:33]} a5 {[%clk 1:19:47]} 18. a4
{[%clk 0:57:47]} h5 {[%clk 1:16:55]} 19. Rd2 {[%clk 0:55:30]} Ra6
{[%clk 1:12:28]} 20. Kg1 {[%clk 0:51:32]} Rb6 {[%clk 1:06:10]} 21. Rf3
{[%clk 0:51:41]} Kf6 {[%clk 1:02:28]} 22. Kf2 {[%clk 0:49:17]} Bf5
{[%clk 0:58:44]} 23. Re3 {[%clk 0:48:12]} Rc5 {[%clk 0:58:01]} 24. Bd1
{[%clk 0:45:22]} Be6 {[%clk 0:51:40]} 25. g3 {[%clk 0:39:36]} Rd6
{[%clk 0:42:49]} 26. Red3 {[%clk 0:38:13]} Rxd3 27. Rxd3 {[%clk 0:38:18]} Bf5
{[%clk 0:37:58]} 28. Rd8 {[%clk 0:32:01]} Rc6 {[%clk 0:29:23]} 29. Ke3
{[%clk 0:29:21]} b6 {[%clk 0:21:31]} 30. Kd4 {[%clk 0:25:59]} Re6
{[%clk 0:19:30]} 31. Kc3 {[%clk 0:22:37]} Re3+ {[%clk 0:08:42]} 32. Kd4
{[%clk 0:20:31]} Rd3# {[%clk 0:09:02]} 33. Kc3 Re3+ 34. Kd2 Ke5 0-1

[Event "Suwalki_2017"]
[Site "?"]
[Date "2017.08.05"]
[Round "1.4"]
[White "Sliwicki, Damian"]
[Black "Zebelis, Rimantas"]
[Result "1-0"]
[BlackElo "1740"]
[WhiteElo "2112"]
[LiveChessVersion "1.4.8"]

1. e4 {[%clk 1:30:55]} c6 {[%clk 1:30:33]} 2. c4 {[%clk 1:31:19]} d6
{[%clk 1:30:15]} 3. d4 {[%clk 1:31:41]} Nd7 {[%clk 1:30:39]} 4. Nf3
{[%clk 1:32:01]} h6 {[%clk 1:31:02]} 5. Nc3 {[%clk 1:31:59]} g5 {[%clk 1:31:08]}
6. Be2 {[%clk 1:30:24]} Bg7 {[%clk 1:31:34]} 7. O-O {[%clk 1:30:41]} Nf8
{[%clk 1:31:41]} 8. Re1 {[%clk 1:30:01]} Ng6 {[%clk 1:31:38]} 9. Be3
{[%clk 1:29:10]} Nf6 {[%clk 1:30:51]} 10. Qc2 {[%clk 1:28:28]} Ng4
{[%clk 1:30:50]} 11. Bd2 {[%clk 1:26:57]} e5 {[%clk 1:31:03]} 12. d5
{[%clk 1:25:55]} Nf6 {[%clk 1:27:33]} 13. dxc6 {[%clk 1:25:48]} g4
{[%clk 1:27:31]} 14. c7 {[%clk 1:22:57]} Qxc7 {[%clk 1:27:36]} 15. Nb5
{[%clk 1:23:23]} Qb8 {[%clk 1:26:15]} 16. Bb4 {[%clk 1:21:44]} gxf3 17. Bxd6
{[%clk 1:14:24]} fxe2 {[%clk 1:23:11]} 18. Bxb8 {[%clk 1:09:39]} Rxb8
{[%clk 1:23:37]} 19. Rxe2 {[%clk 1:09:08]} O-O {[%clk 1:23:55]} 20. Nxa7
{[%clk 1:09:13]} Be6 {[%clk 1:22:37]} 21. g3 {[%clk 1:08:53]} h5 {[%clk 1:22:34]}
22. c5 {[%clk 1:05:10]} Nd7 {[%clk 1:17:13]} 23. b4 {[%clk 1:04:20]} Rfd8
{[%clk 1:16:39]} 24. f3 {[%clk 1:02:04]} Bf8 {[%clk 1:16:04]} 25. a4
{[%clk 1:00:56]} Ra8 {[%clk 1:15:53]} 26. Nb5 {[%clk 1:01:16]} Rdc8
{[%clk 1:15:25]} 27. Rb1 {[%clk 0:51:14]} Nb6 {[%clk 1:14:08]} 28. Nc3
{[%clk 0:49:16]} Nc4 {[%clk 1:13:41]} 29. Qc1 {[%clk 0:48:46]} b5
{[%clk 1:11:05]} 30. axb5 {[%clk 0:47:49]} Na3 {[%clk 1:07:12]} 31. Ra1
{[%clk 0:47:42]} Bc4 {[%clk 1:06:39]} 32. Rxa3 {[%clk 0:47:28]} Bxe2
{[%clk 1:05:38]} 33. Nxe2 {[%clk 0:46:59]} Rab8 {[%clk 1:05:24]} 34. Nc3
{[%clk 0:46:42]} h4 {[%clk 1:05:46]} 35. Kg2 {[%clk 0:46:33]} Rd8
{[%clk 1:05:15]} 36. Nd5 {[%clk 0:46:44]} Rxb5 {[%clk 1:05:24]} 37. Ra7
{[%clk 0:46:10]} Rc8 {[%clk 1:01:47]} 38. Qg5 {[%clk 0:46:07]} hxg3
{[%clk 1:00:20]} 39. hxg3 {[%clk 0:46:23]} Rc6 {[%clk 0:59:55]} 40. Qf5
{[%clk 0:46:19]} Kg7 {[%clk 0:59:52]} 41. Rxf7+ 1-0

[Event "Suwalki_2017"]
[Site "?"]
[Date "2017.08.05"]
[Round "2.1"]
[White "Karwowski, Kacper"]
[Black "Sujkowski, Pawel"]
[Result "1/2-1/2"]
[BlackElo "1996"]
[WhiteElo "2221"]
[LiveChessVersion "1.4.8"]

1. e4 {[%clk 1:30:57]} c5 {[%clk 1:30:53]} 2. Nf3 {[%clk 1:30:40]} Nc6
{[%clk 1:31:16]} 3. d4 {[%clk 1:30:50]} cxd4 {[%clk 1:31:39]} 4. Nxd4
{[%clk 1:31:17]} e5 {[%clk 1:32:03]} 5. Nb5 {[%clk 1:31:41]} d6 {[%clk 1:32:27]}
6. N1c3 {[%clk 1:31:11]} a6 {[%clk 1:32:50]} 7. Na3 {[%clk 1:31:38]} b5
{[%clk 1:33:16]} 8. Nd5 {[%clk 1:31:58]} Nge7 {[%clk 1:33:40]} 9. Bg5
{[%clk 1:31:47]} f6 {[%clk 1:34:02]} 10. Qh5+ {[%clk 1:31:13]} g6
{[%clk 1:34:22]} 11. Nxf6+ {[%clk 1:30:19]} Kf7 {[%clk 1:34:39]} 12. Qf3
{[%clk 1:02:18]} Nd4 {[%clk 1:34:46]} 13. Qc3 {[%clk 0:46:08]} Bg7
{[%clk 0:48:58]} 14. Nd5 {[%clk 0:42:25]} Nxd5 {[%clk 0:49:10]} 15. Qxd4
{[%clk 0:39:26]} exd4 {[%clk 0:47:02]} 16. Bxd8 {[%clk 0:39:50]} Rxd8
{[%clk 0:46:34]} 17. exd5 {[%clk 0:40:15]} Re8+ {[%clk 0:44:40]} 18. Be2
{[%clk 0:35:46]} d3 {[%clk 0:44:22]} 19. cxd3 {[%clk 0:35:55]} Bxb2
{[%clk 0:44:30]} 20. Nc2 {[%clk 0:35:36]} Bxa1 {[%clk 0:44:08]} 21. Nxa1
{[%clk 0:36:02]} Bb7 {[%clk 0:43:50]} 22. f3 {[%clk 0:35:50]} Bxd5
{[%clk 0:44:04]} 23. a3 {[%clk 0:36:16]} Rac8 {[%clk 0:43:02]} 24. Kd2
{[%clk 0:36:34]} Rc5 {[%clk 0:42:33]} 25. Rb1 {[%clk 0:32:41]} Rec8
{[%clk 0:41:36]} 26. Rb2 {[%clk 0:32:00]} Rc1 {[%clk 0:38:46]} 27. Nc2
{[%clk 0:32:26]} Rg1 {[%clk 0:38:38]} 28. Ne3 {[%clk 0:32:29]} Ba8
{[%clk 0:33:43]} 29. Bf1 {[%clk 0:28:15]} Re8 {[%clk 0:31:18]} 30. Rb1
{[%clk 0:28:24]} Bb7 {[%clk 0:31:34]} 31. d4 {[%clk 0:17:20]} Kf6
{[%clk 0:26:33]} 32. Re1 {[%clk 0:11:26]} h5 {[%clk 0:25:30]} 33. Rb1
{[%clk 0:11:26]} Rc8 {[%clk 0:25:30]} 34. h3 {[%clk 0:11:26]} Rc7 35. Rb4
{[%clk 0:07:11]} Re7 {[%clk 0:23:17]} 36. Rb1 Kg5 37. d5 {[%clk 0:02:17]} Rc7
{[%clk 0:16:49]} 38. Ke2 {[%clk 0:00:36]} Rc5 {[%clk 0:15:41]} 39. Kf2
{[%clk 0:00:32]} Rh1 {[%clk 0:15:31]} 40. g3 {[%clk 0:00:32]} Rc3
{[%clk 0:12:18]} 41. a4 {[%clk 0:00:47]} Rxf1+ {[%clk 0:11:34]} 42. Nxf1
{[%clk 0:00:44]} Bxd5 {[%clk 0:11:34]} 43. f4+ {[%clk 0:00:44]} Kf6
{[%clk 0:11:34]} 44. axb5 {[%clk 0:00:44]} axb5 {[%clk 0:11:34]} 45. Rxb5
{[%clk 0:00:44]} Bc4 {[%clk 0:11:34]} 46. Rb1 {[%clk 0:00:44]} Bxf1
{[%clk 0:11:34]} 47. Rxf1 {[%clk 0:00:44]} h4 {[%clk 0:11:34]} 48. gxh4
{[%clk 0:00:44]} Rxh3 {[%clk 0:11:34]} 49. Rd1 {[%clk 0:00:44]} Ke6
{[%clk 0:05:26]} 1/2-1/2

[Event "Suwalki_2017"]
[Site "?"]
[Date "2017.08.05"]
[Round "2.2"]
[White "Sowul, Bartosz"]
[Black "Czarkowski, Tomasz"]
[Result "1-0"]
[BlackElo "1922"]
[WhiteElo "2183"]
[LiveChessVersion "1.4.8"]

1. d4 {[%clk 1:30:57]} d5 {[%clk 1:30:41]} 2. c4 {[%clk 1:31:21]} e6
{[%clk 1:31:03]} 3. Nc3 {[%clk 1:31:46]} Nf6 {[%clk 1:31:28]} 4. cxd5
{[%clk 1:32:09]} exd5 {[%clk 1:31:24]} 5. Bg5 {[%clk 1:32:26]} Nbd7
{[%clk 1:31:14]} 6. e3 {[%clk 1:32:21]} Be7 {[%clk 1:31:24]} 7. Bd3
{[%clk 1:32:38]} c6 {[%clk 1:31:29]} 8. h3 {[%clk 1:31:50]} h6 {[%clk 1:31:05]}
9. Bf4 {[%clk 1:31:42]} O-O {[%clk 1:27:52]} 10. Qc2 {[%clk 1:29:33]} Nb6
{[%clk 1:26:42]} 11. Nf3 {[%clk 1:27:20]} Bd6 {[%clk 1:26:08]} 12. Ne5
{[%clk 1:24:58]} Nc4 {[%clk 1:24:14]} 13. b3 {[%clk 1:19:26]} Na3
{[%clk 1:21:11]} 14. Qb2 {[%clk 1:18:13]} Nh5 {[%clk 1:20:11]} 15. Bh2
{[%clk 1:17:22]} Be6 {[%clk 1:18:33]} 16. g4 {[%clk 1:11:06]} Nf6
{[%clk 1:18:40]} 17. f4 {[%clk 1:11:24]} Bb4 {[%clk 1:18:13]} 18. O-O
{[%clk 1:09:51]} Qa5 {[%clk 1:15:47]} 19. Ne2 {[%clk 1:07:47]} Rae8
{[%clk 1:11:55]} 20. f5 {[%clk 1:02:30]} Bc8 {[%clk 1:11:51]} 21. Bf4
{[%clk 1:02:26]} Nd7 {[%clk 1:10:54]} 22. Nxd7 {[%clk 0:57:22]} Bxd7
{[%clk 1:11:17]} 23. f6 {[%clk 0:57:28]} g5 {[%clk 1:08:31]} 24. Be5
{[%clk 0:57:25]} Nb5 {[%clk 1:07:20]} 25. a3 {[%clk 0:44:18]} Nxa3
{[%clk 1:05:25]} 26. Ng3 {[%clk 0:41:11]} c5 {[%clk 1:02:06]} 27. Nf5
{[%clk 0:37:04]} Bxf5 {[%clk 1:02:00]} 28. Rxf5 {[%clk 0:37:13]} c4
{[%clk 1:00:39]} 29. bxc4 {[%clk 0:36:37]} dxc4 {[%clk 1:00:12]} 30. Bd6
{[%clk 0:34:46]} c3 {[%clk 0:52:34]} 31. Qxb4 {[%clk 0:33:42]} 1-0

[Event "Suwalki_2017"]
[Site "?"]
[Date "2017.08.05"]
[Round "2.3"]
[White "Bartoszewicz, Marcin"]
[Black "Sliwicki, Damian"]
[Result "0-1"]
[BlackElo "2112"]
[WhiteElo "1915"]
[LiveChessVersion "1.4.8"]

1. e4 {[%clk 1:30:54]} c5 {[%clk 1:30:57]} 2. Nf3 {[%clk 1:30:51]} Nc6
{[%clk 1:31:24]} 3. d4 {[%clk 1:30:31]} cxd4 {[%clk 1:31:51]} 4. Nxd4
{[%clk 1:30:13]} g6 {[%clk 1:32:16]} 5. c4 {[%clk 1:28:55]} Nf6 {[%clk 1:32:40]}
6. Nc3 {[%clk 1:28:38]} Nxd4 {[%clk 1:33:08]} 7. Qxd4 {[%clk 1:28:56]} d6
{[%clk 1:33:37]} 8. Bg5 {[%clk 1:16:31]} Bg7 {[%clk 1:34:00]} 9. Qd2
{[%clk 1:08:28]} O-O {[%clk 1:34:22]} 10. Be2 {[%clk 1:06:26]} a5
{[%clk 1:34:47]} 11. O-O {[%clk 1:05:09]} a4 {[%clk 1:35:16]} 12. Rac1
{[%clk 1:03:53]} Qa5 {[%clk 1:35:39]} 13. Rfd1 {[%clk 0:57:46]} Be6
{[%clk 1:35:42]} 14. Nd5 {[%clk 0:49:08]} Nxe4 {[%clk 1:20:40]} 15. Qxa5
{[%clk 0:45:38]} Rxa5 {[%clk 1:21:03]} 16. Nxe7+ {[%clk 0:38:42]} Kh8
{[%clk 1:21:09]} 17. Be3 {[%clk 0:38:59]} Re8 {[%clk 1:10:18]} 18. Nd5
{[%clk 0:37:28]} Bxd5 {[%clk 1:06:24]} 19. cxd5 {[%clk 0:37:27]} Bxb2
{[%clk 1:06:46]} 20. Rc7 {[%clk 0:37:28]} Kg8 {[%clk 0:54:52]} 21. Rxb7
{[%clk 0:37:34]} a3 {[%clk 0:54:42]} 22. Bc4 {[%clk 0:33:01]} Rc8
{[%clk 0:49:42]} 23. Bb3 {[%clk 0:32:46]} Raa8 {[%clk 0:38:45]} 24. f3
{[%clk 0:30:10]} Nc3 {[%clk 0:38:53]} 25. Rd3 {[%clk 0:30:24]} Rab8
{[%clk 0:38:49]} 26. Ra7 {[%clk 0:26:24]} Re8 {[%clk 0:36:55]} 27. Kf2
{[%clk 0:21:46]} Ra8 {[%clk 0:26:24]} 28. Rxa8 {[%clk 0:20:11]} Rxa8
{[%clk 0:26:53]} 29. Bd2 {[%clk 0:19:53]} Nb5 {[%clk 0:27:03]} 30. Bf4
{[%clk 0:18:47]} Bd4+ {[%clk 0:26:09]} 31. Be3 {[%clk 0:18:45]} Bf6
{[%clk 0:20:46]} 32. Bc4 {[%clk 0:17:32]} Nc3 {[%clk 0:21:10]} 33. Bf4
{[%clk 0:16:10]} Ra4 {[%clk 0:20:47]} 34. Bg5 {[%clk 0:15:16]} Be5
{[%clk 0:17:18]} 35. Bb3 {[%clk 0:12:30]} Rb4 {[%clk 0:15:51]} 36. Bd1
{[%clk 0:07:03]} Rb2+ {[%clk 0:15:30]} 0-1

[Event "Suwalki_2017"]
[Site "?"]
[Date "2017.08.05"]
[Round "2.4"]
[White "Kukorowski, Jan"]
[Black "Grabowski, Adam"]
[Result "0-1"]
[BlackElo "2063"]
[WhiteElo "1625"]
[LiveChessVersion "1.4.8"]

1. e4 {[%clk 1:30:58]} c6 {[%clk 1:30:54]} 2. d4 {[%clk 1:31:25]} d5
{[%clk 1:31:17]} 3. Nc3 {[%clk 1:31:50]} dxe4 {[%clk 1:31:38]} 4. Nxe4
{[%clk 1:32:19]} Nf6 {[%clk 1:31:55]} 5. Nxf6+ {[%clk 1:30:39]} exf6
{[%clk 1:31:53]} 6. c3 {[%clk 1:28:53]} Bd6 {[%clk 1:31:52]} 7. Bd3
{[%clk 1:27:21]} O-O {[%clk 1:32:08]} 8. Qc2 {[%clk 1:25:55]} g6 {[%clk 1:32:05]}
9. Bh6 {[%clk 1:23:53]} Re8+ {[%clk 1:32:28]} 10. Ne2 {[%clk 1:24:19]} Qa5
{[%clk 1:29:15]} 11. h4 {[%clk 1:20:23]} Qh5 {[%clk 1:19:48]} 12. Be3
{[%clk 1:19:24]} Bg4 {[%clk 1:17:58]} 13. O-O-O {[%clk 1:17:29]} Nd7
{[%clk 1:11:24]} 14. Qd2 {[%clk 1:12:07]} Qa5 {[%clk 1:04:19]} 15. Kb1
{[%clk 1:05:36]} Nb6 {[%clk 0:58:07]} 16. f3 {[%clk 1:03:28]} Bf5
{[%clk 0:57:37]} 17. g4 {[%clk 1:02:01]} Nc4 {[%clk 0:56:54]} 18. Qc1
{[%clk 1:00:00]} Bxd3+ {[%clk 0:43:05]} 19. Rxd3 {[%clk 1:00:23]} Qb5
{[%clk 0:43:35]} 20. Ka1 {[%clk 0:55:37]} Nxb2 {[%clk 0:43:27]} 21. Rd2
{[%clk 0:53:13]} Nc4 {[%clk 0:43:49]} 22. Rd3 {[%clk 0:53:25]} Ba3
{[%clk 0:44:09]} 0-1

[Event "Suwalki_2017"]
[Site "?"]
[Date "2017.08.05"]
[Round "3.1"]
[White "Sliwicki, Damian"]
[Black "Sowul, Bartosz"]
[Result "1-0"]
[BlackElo "2183"]
[WhiteElo "2112"]
[LiveChessVersion "1.4.8"]

1. e4 {[%clk 1:30:57]} c5 {[%clk 1:30:55]} 2. Nf3 {[%clk 1:31:24]} d6
{[%clk 1:31:20]} 3. d4 cxd4 {[%clk 1:31:46]} 4. Qxd4 {[%clk 1:32:18]} a6
{[%clk 1:29:33]} 5. c4 {[%clk 1:32:44]} Nc6 {[%clk 1:29:59]} 6. Qe3
{[%clk 1:33:11]} g6 {[%clk 1:30:05]} 7. h3 {[%clk 1:33:22]} Bg7 {[%clk 1:26:46]}
8. Nc3 {[%clk 1:33:37]} Nf6 {[%clk 1:27:11]} 9. Be2 {[%clk 1:33:19]} O-O
{[%clk 1:26:51]} 10. O-O {[%clk 1:33:37]} e6 {[%clk 1:23:49]} 11. Rd1
{[%clk 1:26:08]} Qc7 {[%clk 1:23:13]} 12. Rb1 {[%clk 1:26:22]} b6
{[%clk 1:16:05]} 13. b3 {[%clk 1:22:42]} Bb7 {[%clk 1:07:01]} 14. Ba3
{[%clk 1:21:08]} Rfd8 {[%clk 1:04:56]} 15. Rbc1 {[%clk 1:12:19]} Ne5
{[%clk 0:59:48]} 16. Ne1 {[%clk 1:01:40]} Bf8 {[%clk 0:52:53]} 17. g4
{[%clk 0:50:41]} Rac8 {[%clk 0:46:31]} 18. f4 {[%clk 0:50:02]} Ned7
{[%clk 0:46:28]} 19. Bf3 {[%clk 0:47:17]} Qb8 {[%clk 0:45:18]} 20. Rc2
{[%clk 0:43:57]} b5 {[%clk 0:42:51]} 21. cxb5 {[%clk 0:40:47]} axb5
{[%clk 0:40:25]} 22. Bb4 {[%clk 0:30:06]} Nc5 {[%clk 0:33:01]} 23. e5
{[%clk 0:25:09]} Bxf3 {[%clk 0:29:50]} 24. Nxf3 {[%clk 0:25:22]} Na6
{[%clk 0:26:30]} 25. Ba5 {[%clk 0:20:51]} dxe5 {[%clk 0:26:45]} 26. Rxd8
{[%clk 0:21:09]} Rxd8 {[%clk 0:27:03]} 27. Qxe5 {[%clk 0:21:14]} Nd7
{[%clk 0:18:27]} 28. Qxb5 {[%clk 0:17:58]} Qa7+ {[%clk 0:14:56]} 29. Kg2 Rc8
{[%clk 0:14:26]} 30. Rd2 {[%clk 0:18:19]} Nab8 {[%clk 0:12:52]} 31. Ne4
{[%clk 0:16:08]} Qe3 {[%clk 0:09:59]} 32. Qd3 {[%clk 0:14:49]} Qxf4
{[%clk 0:08:56]} 33. Bc3 {[%clk 0:14:24]} f5 {[%clk 0:06:06]} 34. gxf5
{[%clk 0:13:40]} gxf5 {[%clk 0:06:05]} 35. Neg5 {[%clk 0:11:16]} Nc5
{[%clk 0:05:31]} 36. Qe2 {[%clk 0:11:30]} Bd6 {[%clk 0:04:08]} 37. Kh1
{[%clk 0:09:25]} Ne4 {[%clk 0:02:57]} 38. Nxe4 {[%clk 0:09:31]} fxe4
{[%clk 0:02:52]} 39. Qg2+ {[%clk 0:08:30]} Kf7 {[%clk 0:00:48]} 40. Ng5+
{[%clk 0:05:41]} Ke7 {[%clk 0:00:37]} 41. Nxe4 {[%clk 0:06:08]} Be5
{[%clk 0:00:39]} 42. Bb4+ {[%clk 0:02:56]} Kf7 {[%clk 0:01:03]} 43. Nc5
{[%clk 0:02:14]} Qxb4 {[%clk 0:00:40]} 44. Nd3 {[%clk 0:02:01]} Qc3
{[%clk 0:00:43]} 45. Rf2+ {[%clk 0:02:03]} Bf6 {[%clk 0:00:58]} 46. Qe4
{[%clk 0:02:21]} Kg7 {[%clk 0:00:47]} 47. Qxe6 {[%clk 0:02:21]} Qc6+
{[%clk 0:00:39]} 48. Rg2+ {[%clk 0:02:50]} Kh6 {[%clk 0:00:33]} 49. Qe3+
{[%clk 0:03:11]} Kh5 {[%clk 0:00:57]} 50. Nf4+ {[%clk 0:03:33]} Kh6
{[%clk 0:01:13]} 51. Ne6+ {[%clk 0:03:25]} Kh5 {[%clk 0:01:35]} 52. Ng7+
{[%clk 0:03:44]} 1-0

[Event "Suwalki_2017"]
[Site "?"]
[Date "2017.08.05"]
[Round "3.2"]
[White "Grabowski, Adam"]
[Black "Karwowski, Kacper"]
[Result "1-0"]
[BlackElo "2221"]
[WhiteElo "2063"]
[LiveChessVersion "1.4.8"]

1. Nf3 {[%clk 1:29:24]} Nf6 {[%clk 1:30:52]} 2. g3 {[%clk 1:29:16]} c5
{[%clk 1:29:18]} 3. Bg2 {[%clk 1:29:13]} Nc6 {[%clk 1:29:44]} 4. c3
{[%clk 1:25:27]} e5 {[%clk 1:26:14]} 5. d4 {[%clk 1:21:15]} cxd4 {[%clk 1:25:54]}
6. cxd4 {[%clk 1:21:44]} e4 {[%clk 1:25:23]} 7. Ne5 {[%clk 1:15:05]} Nxe5
{[%clk 1:22:59]} 8. dxe5 {[%clk 1:15:34]} Qa5+ {[%clk 1:23:19]} 9. Nc3
{[%clk 1:15:52]} Qxe5 {[%clk 1:23:32]} 10. Bf4 {[%clk 1:16:06]} Qa5
{[%clk 1:22:53]} 11. Bd2 {[%clk 1:09:44]} Qb6 {[%clk 1:12:04]} 12. Nxe4
{[%clk 1:09:00]} Nxe4 {[%clk 1:08:37]} 13. Bxe4 {[%clk 1:09:28]} Qxb2
{[%clk 1:07:10]} 14. O-O {[%clk 0:54:26]} Be7 {[%clk 1:02:35]} 15. Rc1
{[%clk 0:51:58]} Qxa2 {[%clk 1:00:07]} 16. Bc3 {[%clk 0:47:29]} O-O
{[%clk 0:57:56]} 17. Qd4 {[%clk 0:24:30]} Bf6 {[%clk 0:58:03]} 18. Qd6
{[%clk 0:24:30]} Bxc3 {[%clk 0:47:38]} 19. Rxc3 {[%clk 0:24:57]} g6
{[%clk 0:43:05]} 20. Bd5 {[%clk 0:23:38]} Qxe2 {[%clk 0:38:56]} 21. Rfc1
{[%clk 0:23:41]} Kg7 {[%clk 0:26:40]} 22. Rf3 {[%clk 0:20:48]} Qb2
{[%clk 0:26:47]} 23. Rcc3 {[%clk 0:21:04]} h5 {[%clk 0:21:54]} 24. Qf6+
{[%clk 0:19:13]} Kh6 {[%clk 0:21:54]} 25. Qe7 {[%clk 0:18:36]} Rh8
{[%clk 0:21:31]} 26. Qe3+ {[%clk 0:18:25]} g5 {[%clk 0:21:42]} 27. Rf6+
{[%clk 0:18:22]} Kh7 {[%clk 0:22:03]} 28. Rxf7+ {[%clk 0:18:03]} Kg6
{[%clk 0:22:26]} 29. Qe4+ {[%clk 0:18:19]} 1-0